<?xml version="1.0" encoding="UTF-8"?>
<record
    xmlns:xsi="http://www.w3.org/2001/XMLSchema-instance"
    xsi:schemaLocation="http://www.loc.gov/MARC21/slim http://www.loc.gov/standards/marcxml/schema/MARC21slim.xsd"
    xmlns="http://www.loc.gov/MARC21/slim">

  <leader>00651nam a22001937a 4500</leader>
  <datafield tag="999" ind1=" " ind2=" ">
    <subfield code="c">194262</subfield>
    <subfield code="d">194262</subfield>
  </datafield>
  <controlfield tag="005">20221212172557.0</controlfield>
  <datafield tag="010" ind1=" " ind2=" ">
    <subfield code="a">UR-11793</subfield>
  </datafield>
  <datafield tag="020" ind1=" " ind2=" ">
    <subfield code="a">9789392496110</subfield>
    <subfield code="c">449.00</subfield>
  </datafield>
  <datafield tag="035" ind1=" " ind2=" ">
    <subfield code="a">U-10348</subfield>
  </datafield>
  <datafield tag="037" ind1=" " ind2=" ">
    <subfield code="b">DBAD/PUB</subfield>
    <subfield code="a">-</subfield>
  </datafield>
  <datafield tag="082" ind1=" " ind2=" ">
    <subfield code="a">844</subfield>
  </datafield>
  <datafield tag="100" ind1=" " ind2=" ">
    <subfield code="a">&#x6A9;&#x67E;&#x648;&#x631;&#x60C; &#x6A9;&#x646;&#x6BE;&#x6CC;&#x627; &#x644;&#x627;&#x644;</subfield>
  </datafield>
  <datafield tag="245" ind1=" " ind2=" ">
    <subfield code="a">&#x645;&#x6CC;&#x6BA; &#x62F;&#x6CC;&#x6A9;&#x6BE;&#x62A;&#x627; &#x686;&#x644;&#x627; &#x6AF;&#x6CC;&#x627; /</subfield>
    <subfield code="c">&#x6A9;&#x646;&#x6BE;&#x6CC;&#x627; &#x644;&#x627;&#x644; &#x6A9;&#x67E;&#x648;&#x631;</subfield>
    <subfield code="h">&#x627; &#x631; &#x62F; &#x648;</subfield>
  </datafield>
  <datafield tag="246" ind1=" " ind2=" ">
    <subfield code="a">Main Dekhta Chla Gya /</subfield>
    <subfield code="b">by Kanhaiya Lal Kapoor</subfield>
  </datafield>
  <datafield tag="260" ind1=" " ind2=" ">
    <subfield code="a">New Delhi</subfield>
    <subfield code="b">Educational Publishing House</subfield>
    <subfield code="c">2021 &#x621;</subfield>
  </datafield>
  <datafield tag="270" ind1=" " ind2=" ">
    <subfield code="a">H.o. D1/16, Ansari Road, Darya Ganj</subfield>
    <subfield code="b">New Delhi</subfield>
    <subfield code="e">110002</subfield>
  </datafield>
  <datafield tag="300" ind1=" " ind2=" ">
    <subfield code="a">516 &#x635;</subfield>
    <subfield code="c">23cm(Hb)</subfield>
  </datafield>
  <datafield tag="942" ind1=" " ind2=" ">
    <subfield code="2">ddc</subfield>
    <subfield code="c">UR</subfield>
    <subfield code="m">&#x6A9; &#x67E; &#x648;</subfield>
    <subfield code="h">844</subfield>
  </datafield>
  <datafield tag="952" ind1=" " ind2=" ">
    <subfield code="0">0</subfield>
    <subfield code="1">0</subfield>
    <subfield code="4">0</subfield>
    <subfield code="7">0</subfield>
    <subfield code="8">NFIC</subfield>
    <subfield code="a">L</subfield>
    <subfield code="b">L</subfield>
    <subfield code="d">2022-12-12</subfield>
    <subfield code="e">DBAD/PUB</subfield>
    <subfield code="g">449.00</subfield>
    <subfield code="l">0</subfield>
    <subfield code="o">844 &#x6A9; &#x67E; &#x648;</subfield>
    <subfield code="p">U-10348</subfield>
    <subfield code="r">2022-12-12 00:00:00</subfield>
    <subfield code="t">1</subfield>
    <subfield code="v">449.00</subfield>
    <subfield code="w">2022-12-12</subfield>
    <subfield code="y">UR</subfield>
  </datafield>
</record>
